000 01663nam a2200337 c 4500
003 BLK
005 20241206005451.0
008 180409b bul|||||r ||||||| ||bul||
010 _aKNG00127626000
040 _aBLK
041 _aBUL
_cBUL
080 _aБългарска литература
_b821.163.2
_x-1
_z821.163.2-1
100 _aБагряна, Елисавета
_d1893-1991
_qБелчева, Елисавета Любомирова
_9364149
700 1 _aСтоянов, Стоян
_eхудож.
_gИванов, Стоян Стоянов
_9366035
700 1 _aРусев, Георги
_eс послесл. от
_9317358
700 1 _aГеоргиев, Любен
_e*
_gХристов, Любен Георгиев
_9363917
700 _aБелчева, Елисавета Любомирова
_9269418
139 _aБагряна, Елисавета
_bБ 13
245 1 0 _aНа брега на времето
_bСтихотворения
_cЕлисавета Багряна; худож. Стоян Стоянов; с послесл. от Георги Русев; * Любен Георгиев; * Елисавета Любомирова Белчева.
257 _aBGR
260 София
_bПрофиздат
_c1983
300 _a95 с.
_bс ил.
_c21 см
380 _aX
500 _aИстинското име на авт. е Елисавета Любомирова Белчева. - 8 147 тир.
852 _aЦб 120496
856 4 _qpdf
_u
856 4 _qpdf
_u
942 _cKNG
_n0
944 _aCR
_c17.02.2012
_lCRON CRON
_k
944 _aED
_c17.02.2012
_l17.02.2012 - от С1,Р / 17.02.2012
_k
999 _c121993
_d121993